000 02537cam a2200361 a 4500
999 _c8800
_d8800
001 8800
003 BD-JhCC
005 20180304102332.0
008 870320s1987 cou b 101 0 eng
020 _a0813373913 (alk. paper)
020 _a0813373905 (pbk. : alk. paper)
035 _a(BD-JhCC)8800
040 _aDLC
_cDLC
_dDLC
_dBD-JhCC
041 _aeng
050 0 0 _aHQ1240.5.L29
_bR87 1987
082 0 0 _a305.4/2/098
_219
_bRUR 1987
245 0 0 _aRural women and state policy :
_bfeminist perspectives on Latin American agricultural development /
_cedited by Carmen Diana Deere and Magdalena León.
260 _aBoulder :
_bWestview Press,
_c1987.
300 _axii, 282 p. ;
_c24 cm.
440 0 _aSeries in Political economy and economic development in Latin America
500 _a"Papers presented at a symposium convened in conjunction with the 45th International Congress of Americanists, held in Bogotá, Colombia, July 1985."
504 _aIncludes bibliographies and index.
505 0 _aRural women and the neo-liberal model in Chile / Maria Soledad Lago -- Agricultural development, the economic crisis, and rural women in the Dominican Republic / Belkis Mones and Lydia Grant -- The social invisibility of women's work in Brazilian agriculture / Cheywa R. Spindel -- Mexican agricultural development policy and its impact on rural women / Lourdes Arizpe and Carlota Botey -- Columbia agricultural policies and the debate on policies toward rural women / Magdalena León -- Women, development, and the state in rural Ecuador / Lynne Phillips -- Impact of the Sandinista agrarian reform on rural women's subordination / Martha Luz Padilla, Clara Murguialday, and Ana Criquillon -- Women on the agenda / Jean Stubbs and Mavis Alvarez -- The Latin American agrarian reform experience / Carmen Diana Deere -- Women's components in integrated rural development projects / Elsa M. Chaney -- Income generation projects for rural women / Cornelia Butler Flora -- Rural women and migration in Latin America / Maria de los Angeles Crummett.
650 0 _aWomen in rural development
_zLatin America
_xCongresses.
650 0 _aRural development projects
_zLatin America
_xCongresses.
650 0 _aWomen in agriculture
_zLatin America
_xCongresses.
650 0 _aAgriculture and state
_zLatin America
_xCongresses.
700 1 _aDeere, Carmen Diana.
700 2 _aLeón de Leal, Magdalena.
711 2 _aInternational Congress of Americanists
_n(45th :
_d1985 :
_cBogotá, Colombia)
942 _2ddc
_cBK